<?xml version="1.0" encoding="UTF-8"?>
<record
    xmlns:xsi="http://www.w3.org/2001/XMLSchema-instance"
    xsi:schemaLocation="http://www.loc.gov/MARC21/slim http://www.loc.gov/standards/marcxml/schema/MARC21slim.xsd"
    xmlns="http://www.loc.gov/MARC21/slim">

  <leader>00973nas a2200265 i 4500</leader>
  <controlfield tag="001">253393</controlfield>
  <controlfield tag="005">20260127141831.0</controlfield>
  <controlfield tag="007">ta</controlfield>
  <controlfield tag="008">260122e1948    dr m  p|co   ||   |ospa ||   | </controlfield>
  <datafield tag="011" ind1=" " ind2=" ">
    <subfield code="a">          </subfield>
  </datafield>
  <datafield tag="040" ind1=" " ind2=" ">
    <subfield code="a">DO-SdBNP</subfield>
    <subfield code="b">spa</subfield>
    <subfield code="c">DO-SdBNP</subfield>
    <subfield code="e">rda</subfield>
  </datafield>
  <datafield tag="041" ind1=" " ind2=" ">
    <subfield code="h">spa</subfield>
  </datafield>
  <datafield tag="245" ind1=" " ind2=" ">
    <subfield code="a">Cuadernos Dominicanos de Cultura.</subfield>
  </datafield>
  <datafield tag="264" ind1=" " ind2=" ">
    <subfield code="a">Ciudad Trujillo, Rep&#xFA;blica Dominicana :</subfield>
    <subfield code="b">[Editor no identificado],</subfield>
    <subfield code="c">1948.</subfield>
  </datafield>
  <datafield tag="300" ind1=" " ind2=" ">
    <subfield code="a">volumen : </subfield>
    <subfield code="b">ilustraciones ; </subfield>
    <subfield code="c">21.5 cm.</subfield>
  </datafield>
  <datafield tag="310" ind1=" " ind2=" ">
    <subfield code="a">Mensual.</subfield>
  </datafield>
  <datafield tag="336" ind1=" " ind2=" ">
    <subfield code="a">texto </subfield>
    <subfield code="b">txt </subfield>
    <subfield code="2">rdacontent</subfield>
  </datafield>
  <datafield tag="337" ind1=" " ind2=" ">
    <subfield code="a">sin mediaci&#xF3;n </subfield>
    <subfield code="b">n</subfield>
    <subfield code="2">rdamedia</subfield>
  </datafield>
  <datafield tag="338" ind1=" " ind2=" ">
    <subfield code="a">volumen</subfield>
    <subfield code="b">nc </subfield>
    <subfield code="2">rdacarrier</subfield>
  </datafield>
  <datafield tag="362" ind1=" " ind2=" ">
    <subfield code="a">A&#xF1;o 5. Vol 5. N&#xFA;mero 60. agosto 1948.</subfield>
  </datafield>
  <datafield tag="500" ind1=" " ind2=" ">
    <subfield code="a">Acogida por la Franquicia Postal Interna de acuerdo con Resoluci&#xF3;n del Departamento de Comunicaciones.</subfield>
  </datafield>
  <datafield tag="650" ind1=" " ind2=" ">
    <subfield code="9">9332</subfield>
    <subfield code="a">Cultura</subfield>
    <subfield code="v">Publicaciones peri&#xF3;dicas </subfield>
    <subfield code="z">Rep&#xFA;blica Dominicana</subfield>
  </datafield>
  <datafield tag="650" ind1=" " ind2="0">
    <subfield code="a">Literatura dominicana</subfield>
    <subfield code="9">1994</subfield>
    <subfield code="v">Publicaciones peri&#xF3;dicas </subfield>
  </datafield>
  <datafield tag="942" ind1=" " ind2=" ">
    <subfield code="2">ddc</subfield>
    <subfield code="c">ISSUE</subfield>
  </datafield>
  <datafield tag="952" ind1=" " ind2=" ">
    <subfield code="0">0</subfield>
    <subfield code="1">0</subfield>
    <subfield code="2">ddc</subfield>
    <subfield code="4">0</subfield>
    <subfield code="5">6</subfield>
    <subfield code="7">0</subfield>
    <subfield code="8">SE</subfield>
    <subfield code="a">BNPHU</subfield>
    <subfield code="b">BNPHU</subfield>
    <subfield code="d">2026-01-22</subfield>
    <subfield code="h">A&#xF1;o 5. Vol 5. N&#xFA;mero 60. agosto 1948</subfield>
    <subfield code="l">0</subfield>
    <subfield code="p">2026-0170</subfield>
    <subfield code="r">2026-01-22</subfield>
    <subfield code="t">e.1</subfield>
    <subfield code="w">2026-01-22</subfield>
    <subfield code="y">ISSUE</subfield>
  </datafield>
  <datafield tag="952" ind1=" " ind2=" ">
    <subfield code="0">0</subfield>
    <subfield code="1">0</subfield>
    <subfield code="2">ddc</subfield>
    <subfield code="4">0</subfield>
    <subfield code="5">5</subfield>
    <subfield code="7">0</subfield>
    <subfield code="8">SE</subfield>
    <subfield code="a">BNPHU</subfield>
    <subfield code="b">BNPHU</subfield>
    <subfield code="d">2026-01-23</subfield>
    <subfield code="h">N&#xFA;mero 1, septiembre 1943</subfield>
    <subfield code="l">0</subfield>
    <subfield code="p">2026-0185</subfield>
    <subfield code="r">2026-01-23</subfield>
    <subfield code="t">e.1</subfield>
    <subfield code="w">2026-01-23</subfield>
    <subfield code="y">ISSUE</subfield>
  </datafield>
  <datafield tag="952" ind1=" " ind2=" ">
    <subfield code="0">0</subfield>
    <subfield code="1">0</subfield>
    <subfield code="2">ddc</subfield>
    <subfield code="4">0</subfield>
    <subfield code="5">5</subfield>
    <subfield code="7">0</subfield>
    <subfield code="8">SE</subfield>
    <subfield code="a">BNPHU</subfield>
    <subfield code="b">BNPHU</subfield>
    <subfield code="d">2026-01-23</subfield>
    <subfield code="h">N&#xFA;mero 1, septiembre 1943</subfield>
    <subfield code="l">0</subfield>
    <subfield code="p">2026-0186</subfield>
    <subfield code="r">2026-01-23</subfield>
    <subfield code="t">e.2</subfield>
    <subfield code="w">2026-01-23</subfield>
    <subfield code="y">ISSUE</subfield>
  </datafield>
  <datafield tag="952" ind1=" " ind2=" ">
    <subfield code="0">0</subfield>
    <subfield code="1">0</subfield>
    <subfield code="2">ddc</subfield>
    <subfield code="4">0</subfield>
    <subfield code="5">5</subfield>
    <subfield code="7">0</subfield>
    <subfield code="8">SE</subfield>
    <subfield code="a">BNPHU</subfield>
    <subfield code="b">BNPHU</subfield>
    <subfield code="d">2026-01-23</subfield>
    <subfield code="h">N&#xFA;mero 2, octubre 1943</subfield>
    <subfield code="l">0</subfield>
    <subfield code="p">2026-0187</subfield>
    <subfield code="r">2026-01-23</subfield>
    <subfield code="t">e.1</subfield>
    <subfield code="w">2026-01-23</subfield>
    <subfield code="y">ISSUE</subfield>
  </datafield>
  <datafield tag="952" ind1=" " ind2=" ">
    <subfield code="0">0</subfield>
    <subfield code="1">0</subfield>
    <subfield code="2">ddc</subfield>
    <subfield code="4">0</subfield>
    <subfield code="5">5</subfield>
    <subfield code="7">0</subfield>
    <subfield code="8">SE</subfield>
    <subfield code="a">BNPHU</subfield>
    <subfield code="b">BNPHU</subfield>
    <subfield code="d">2026-01-23</subfield>
    <subfield code="h">N&#xFA;mero 3, noviembre 1943</subfield>
    <subfield code="l">0</subfield>
    <subfield code="p">2026-0188</subfield>
    <subfield code="r">2026-01-23</subfield>
    <subfield code="t">e.1</subfield>
    <subfield code="w">2026-01-23</subfield>
    <subfield code="y">ISSUE</subfield>
  </datafield>
  <datafield tag="952" ind1=" " ind2=" ">
    <subfield code="0">0</subfield>
    <subfield code="1">0</subfield>
    <subfield code="2">ddc</subfield>
    <subfield code="4">0</subfield>
    <subfield code="5">6</subfield>
    <subfield code="7">0</subfield>
    <subfield code="8">SE</subfield>
    <subfield code="a">BNPHU</subfield>
    <subfield code="b">BNPHU</subfield>
    <subfield code="d">2026-01-23</subfield>
    <subfield code="h">N&#xFA;mero 4, diciembre 1943</subfield>
    <subfield code="l">0</subfield>
    <subfield code="p">2026-0189</subfield>
    <subfield code="r">2026-01-23</subfield>
    <subfield code="t">e.1</subfield>
    <subfield code="w">2026-01-23</subfield>
    <subfield code="y">ISSUE</subfield>
  </datafield>
  <datafield tag="952" ind1=" " ind2=" ">
    <subfield code="0">0</subfield>
    <subfield code="1">0</subfield>
    <subfield code="2">ddc</subfield>
    <subfield code="4">0</subfield>
    <subfield code="5">5</subfield>
    <subfield code="7">0</subfield>
    <subfield code="8">SE</subfield>
    <subfield code="a">BNPHU</subfield>
    <subfield code="b">BNPHU</subfield>
    <subfield code="d">2026-01-23</subfield>
    <subfield code="h">N&#xFA;mero 10, junio 1941</subfield>
    <subfield code="l">0</subfield>
    <subfield code="p">2026-0190</subfield>
    <subfield code="r">2026-01-23</subfield>
    <subfield code="t">e.1</subfield>
    <subfield code="w">2026-01-23</subfield>
    <subfield code="y">ISSUE</subfield>
  </datafield>
  <datafield tag="952" ind1=" " ind2=" ">
    <subfield code="0">0</subfield>
    <subfield code="1">0</subfield>
    <subfield code="2">ddc</subfield>
    <subfield code="4">0</subfield>
    <subfield code="5">5</subfield>
    <subfield code="7">0</subfield>
    <subfield code="8">SE</subfield>
    <subfield code="a">BNPHU</subfield>
    <subfield code="b">BNPHU</subfield>
    <subfield code="d">2026-01-23</subfield>
    <subfield code="h">N&#xFA;mero 10, junio 1941</subfield>
    <subfield code="l">0</subfield>
    <subfield code="p">2026-0191</subfield>
    <subfield code="r">2026-01-23</subfield>
    <subfield code="t">e.2</subfield>
    <subfield code="w">2026-01-23</subfield>
    <subfield code="y">ISSUE</subfield>
  </datafield>
  <datafield tag="952" ind1=" " ind2=" ">
    <subfield code="0">0</subfield>
    <subfield code="1">0</subfield>
    <subfield code="2">ddc</subfield>
    <subfield code="4">0</subfield>
    <subfield code="5">5</subfield>
    <subfield code="7">0</subfield>
    <subfield code="8">SE</subfield>
    <subfield code="a">BNPHU</subfield>
    <subfield code="b">BNPHU</subfield>
    <subfield code="d">2026-01-23</subfield>
    <subfield code="h">N&#xFA;mero 5, enero 1944</subfield>
    <subfield code="l">0</subfield>
    <subfield code="p">2026-0192</subfield>
    <subfield code="r">2026-01-23</subfield>
    <subfield code="t">e.1</subfield>
    <subfield code="w">2026-01-23</subfield>
    <subfield code="y">ISSUE</subfield>
  </datafield>
  <datafield tag="952" ind1=" " ind2=" ">
    <subfield code="0">0</subfield>
    <subfield code="1">0</subfield>
    <subfield code="2">ddc</subfield>
    <subfield code="4">0</subfield>
    <subfield code="5">5</subfield>
    <subfield code="7">0</subfield>
    <subfield code="8">SE</subfield>
    <subfield code="a">BNPHU</subfield>
    <subfield code="b">BNPHU</subfield>
    <subfield code="d">2026-01-23</subfield>
    <subfield code="h">N&#xFA;mero 6, febrero 1944</subfield>
    <subfield code="l">0</subfield>
    <subfield code="p">2026-0193</subfield>
    <subfield code="r">2026-01-23</subfield>
    <subfield code="t">e.1</subfield>
    <subfield code="w">2026-01-23</subfield>
    <subfield code="y">ISSUE</subfield>
  </datafield>
  <datafield tag="952" ind1=" " ind2=" ">
    <subfield code="0">0</subfield>
    <subfield code="1">0</subfield>
    <subfield code="2">ddc</subfield>
    <subfield code="4">0</subfield>
    <subfield code="5">5</subfield>
    <subfield code="7">0</subfield>
    <subfield code="8">SE</subfield>
    <subfield code="a">BNPHU</subfield>
    <subfield code="b">BNPHU</subfield>
    <subfield code="d">2026-01-23</subfield>
    <subfield code="h">N&#xFA;mero 6, febrero 1944</subfield>
    <subfield code="l">0</subfield>
    <subfield code="p">2026-0194</subfield>
    <subfield code="r">2026-01-23</subfield>
    <subfield code="t">e.2</subfield>
    <subfield code="w">2026-01-23</subfield>
    <subfield code="y">ISSUE</subfield>
  </datafield>
  <datafield tag="952" ind1=" " ind2=" ">
    <subfield code="0">0</subfield>
    <subfield code="1">0</subfield>
    <subfield code="2">ddc</subfield>
    <subfield code="4">0</subfield>
    <subfield code="5">5</subfield>
    <subfield code="7">0</subfield>
    <subfield code="8">SE</subfield>
    <subfield code="a">BNPHU</subfield>
    <subfield code="b">BNPHU</subfield>
    <subfield code="d">2026-01-23</subfield>
    <subfield code="h">N&#xFA;mero 7, marzo 1944</subfield>
    <subfield code="l">0</subfield>
    <subfield code="p">2026-0195</subfield>
    <subfield code="r">2026-01-23</subfield>
    <subfield code="t">e.1</subfield>
    <subfield code="w">2026-01-23</subfield>
    <subfield code="y">ISSUE</subfield>
  </datafield>
  <datafield tag="952" ind1=" " ind2=" ">
    <subfield code="0">0</subfield>
    <subfield code="1">0</subfield>
    <subfield code="2">ddc</subfield>
    <subfield code="4">0</subfield>
    <subfield code="5">5</subfield>
    <subfield code="7">0</subfield>
    <subfield code="8">SE</subfield>
    <subfield code="a">BNPHU</subfield>
    <subfield code="b">BNPHU</subfield>
    <subfield code="d">2026-01-23</subfield>
    <subfield code="h">N&#xFA;mero 8, abril 1944</subfield>
    <subfield code="l">0</subfield>
    <subfield code="p">2026-0196</subfield>
    <subfield code="r">2026-01-23</subfield>
    <subfield code="t">e.1</subfield>
    <subfield code="w">2026-01-23</subfield>
    <subfield code="y">ISSUE</subfield>
  </datafield>
  <datafield tag="952" ind1=" " ind2=" ">
    <subfield code="0">0</subfield>
    <subfield code="1">0</subfield>
    <subfield code="2">ddc</subfield>
    <subfield code="4">0</subfield>
    <subfield code="5">5</subfield>
    <subfield code="7">0</subfield>
    <subfield code="8">SE</subfield>
    <subfield code="a">BNPHU</subfield>
    <subfield code="b">BNPHU</subfield>
    <subfield code="d">2026-01-23</subfield>
    <subfield code="h">N&#xFA;mero 8, abril 1944</subfield>
    <subfield code="l">0</subfield>
    <subfield code="p">2026-0197</subfield>
    <subfield code="r">2026-01-23</subfield>
    <subfield code="t">e.1</subfield>
    <subfield code="w">2026-01-23</subfield>
    <subfield code="y">ISSUE</subfield>
  </datafield>
  <datafield tag="952" ind1=" " ind2=" ">
    <subfield code="0">0</subfield>
    <subfield code="1">0</subfield>
    <subfield code="2">ddc</subfield>
    <subfield code="4">0</subfield>
    <subfield code="5">5</subfield>
    <subfield code="7">0</subfield>
    <subfield code="8">SE</subfield>
    <subfield code="a">BNPHU</subfield>
    <subfield code="b">BNPHU</subfield>
    <subfield code="d">2026-01-23</subfield>
    <subfield code="h">N&#xFA;mero 8, abril 1944</subfield>
    <subfield code="l">0</subfield>
    <subfield code="p">2026-0198</subfield>
    <subfield code="r">2026-01-23</subfield>
    <subfield code="t">e.2</subfield>
    <subfield code="w">2026-01-23</subfield>
    <subfield code="y">ISSUE</subfield>
  </datafield>
  <datafield tag="952" ind1=" " ind2=" ">
    <subfield code="0">0</subfield>
    <subfield code="1">0</subfield>
    <subfield code="2">ddc</subfield>
    <subfield code="4">0</subfield>
    <subfield code="5">5</subfield>
    <subfield code="7">0</subfield>
    <subfield code="8">SE</subfield>
    <subfield code="a">BNPHU</subfield>
    <subfield code="b">BNPHU</subfield>
    <subfield code="d">2026-01-23</subfield>
    <subfield code="h">N&#xFA;mero 9, mayo 1944</subfield>
    <subfield code="l">0</subfield>
    <subfield code="p">2026-0199</subfield>
    <subfield code="r">2026-01-23</subfield>
    <subfield code="t">e.1</subfield>
    <subfield code="w">2026-01-23</subfield>
    <subfield code="y">ISSUE</subfield>
  </datafield>
  <datafield tag="952" ind1=" " ind2=" ">
    <subfield code="0">0</subfield>
    <subfield code="1">0</subfield>
    <subfield code="2">ddc</subfield>
    <subfield code="4">0</subfield>
    <subfield code="5">5</subfield>
    <subfield code="7">0</subfield>
    <subfield code="8">SE</subfield>
    <subfield code="a">BNPHU</subfield>
    <subfield code="b">BNPHU</subfield>
    <subfield code="d">2026-01-23</subfield>
    <subfield code="h">N&#xFA;mero 9, mayo 1944</subfield>
    <subfield code="l">0</subfield>
    <subfield code="p">2026-0200</subfield>
    <subfield code="r">2026-01-23</subfield>
    <subfield code="t">e.2</subfield>
    <subfield code="w">2026-01-23</subfield>
    <subfield code="y">ISSUE</subfield>
  </datafield>
  <datafield tag="952" ind1=" " ind2=" ">
    <subfield code="0">0</subfield>
    <subfield code="1">0</subfield>
    <subfield code="2">ddc</subfield>
    <subfield code="4">0</subfield>
    <subfield code="5">5</subfield>
    <subfield code="7">0</subfield>
    <subfield code="8">SE</subfield>
    <subfield code="a">BNPHU</subfield>
    <subfield code="b">BNPHU</subfield>
    <subfield code="d">2026-01-23</subfield>
    <subfield code="h">N&#xFA;mero 10, junio 1944</subfield>
    <subfield code="l">0</subfield>
    <subfield code="p">2026-0201</subfield>
    <subfield code="r">2026-01-23</subfield>
    <subfield code="t">e.1</subfield>
    <subfield code="w">2026-01-23</subfield>
    <subfield code="y">ISSUE</subfield>
  </datafield>
  <datafield tag="952" ind1=" " ind2=" ">
    <subfield code="0">0</subfield>
    <subfield code="1">0</subfield>
    <subfield code="2">ddc</subfield>
    <subfield code="4">0</subfield>
    <subfield code="5">5</subfield>
    <subfield code="7">0</subfield>
    <subfield code="8">SE</subfield>
    <subfield code="a">BNPHU</subfield>
    <subfield code="b">BNPHU</subfield>
    <subfield code="d">2026-01-23</subfield>
    <subfield code="h">N&#xFA;mero 12, agosto 1944</subfield>
    <subfield code="l">0</subfield>
    <subfield code="p">2026-0202</subfield>
    <subfield code="r">2026-01-23</subfield>
    <subfield code="t">e.1</subfield>
    <subfield code="w">2026-01-23</subfield>
    <subfield code="y">ISSUE</subfield>
  </datafield>
  <datafield tag="952" ind1=" " ind2=" ">
    <subfield code="0">0</subfield>
    <subfield code="1">0</subfield>
    <subfield code="2">ddc</subfield>
    <subfield code="4">0</subfield>
    <subfield code="5">5</subfield>
    <subfield code="7">0</subfield>
    <subfield code="8">SE</subfield>
    <subfield code="a">BNPHU</subfield>
    <subfield code="b">BNPHU</subfield>
    <subfield code="d">2026-01-23</subfield>
    <subfield code="h">A&#xF1;o 11. Vol 11. N&#xFA;mero 13. septiembre 1944</subfield>
    <subfield code="l">0</subfield>
    <subfield code="p">2026-0203</subfield>
    <subfield code="r">2026-01-23</subfield>
    <subfield code="t">e.1</subfield>
    <subfield code="w">2026-01-23</subfield>
    <subfield code="y">ISSUE</subfield>
  </datafield>
  <datafield tag="952" ind1=" " ind2=" ">
    <subfield code="0">0</subfield>
    <subfield code="1">0</subfield>
    <subfield code="2">ddc</subfield>
    <subfield code="4">0</subfield>
    <subfield code="5">5</subfield>
    <subfield code="7">0</subfield>
    <subfield code="8">SE</subfield>
    <subfield code="a">BNPHU</subfield>
    <subfield code="b">BNPHU</subfield>
    <subfield code="d">2026-01-23</subfield>
    <subfield code="h">enero 1945</subfield>
    <subfield code="l">0</subfield>
    <subfield code="p">2026-0204</subfield>
    <subfield code="r">2026-01-23</subfield>
    <subfield code="t">e.1</subfield>
    <subfield code="w">2026-01-23</subfield>
    <subfield code="y">ISSUE</subfield>
  </datafield>
  <datafield tag="952" ind1=" " ind2=" ">
    <subfield code="0">0</subfield>
    <subfield code="1">0</subfield>
    <subfield code="2">ddc</subfield>
    <subfield code="4">0</subfield>
    <subfield code="5">5</subfield>
    <subfield code="7">0</subfield>
    <subfield code="8">SE</subfield>
    <subfield code="a">BNPHU</subfield>
    <subfield code="b">BNPHU</subfield>
    <subfield code="d">2026-01-23</subfield>
    <subfield code="h">A&#xF1;o 11. Vol 11. N&#xFA;mero 20. abril 1945</subfield>
    <subfield code="l">0</subfield>
    <subfield code="p">2026-0205</subfield>
    <subfield code="r">2026-01-23</subfield>
    <subfield code="t">e.1</subfield>
    <subfield code="w">2026-01-23</subfield>
    <subfield code="y">ISSUE</subfield>
  </datafield>
  <datafield tag="952" ind1=" " ind2=" ">
    <subfield code="0">0</subfield>
    <subfield code="1">0</subfield>
    <subfield code="2">ddc</subfield>
    <subfield code="4">0</subfield>
    <subfield code="5">6</subfield>
    <subfield code="7">0</subfield>
    <subfield code="8">SE</subfield>
    <subfield code="a">BNPHU</subfield>
    <subfield code="b">BNPHU</subfield>
    <subfield code="d">2026-01-23</subfield>
    <subfield code="h">A&#xF1;o 11. Vol 11. N&#xFA;mero 21. mayo 1945</subfield>
    <subfield code="l">0</subfield>
    <subfield code="p">2026-0206</subfield>
    <subfield code="r">2026-01-23</subfield>
    <subfield code="t">e.1</subfield>
    <subfield code="w">2026-01-23</subfield>
    <subfield code="y">ISSUE</subfield>
  </datafield>
  <datafield tag="952" ind1=" " ind2=" ">
    <subfield code="0">0</subfield>
    <subfield code="1">0</subfield>
    <subfield code="2">ddc</subfield>
    <subfield code="4">0</subfield>
    <subfield code="5">5</subfield>
    <subfield code="7">0</subfield>
    <subfield code="8">SE</subfield>
    <subfield code="a">BNPHU</subfield>
    <subfield code="b">BNPHU</subfield>
    <subfield code="d">2026-01-23</subfield>
    <subfield code="h">A&#xF1;o 11. Vol 11. N&#xFA;mero 22. junio 1945</subfield>
    <subfield code="l">0</subfield>
    <subfield code="p">2026-0207</subfield>
    <subfield code="r">2026-01-23</subfield>
    <subfield code="t">e.1</subfield>
    <subfield code="w">2026-01-23</subfield>
    <subfield code="y">ISSUE</subfield>
  </datafield>
  <datafield tag="952" ind1=" " ind2=" ">
    <subfield code="0">0</subfield>
    <subfield code="1">0</subfield>
    <subfield code="2">ddc</subfield>
    <subfield code="4">0</subfield>
    <subfield code="5">5</subfield>
    <subfield code="7">0</subfield>
    <subfield code="8">SE</subfield>
    <subfield code="a">BNPHU</subfield>
    <subfield code="b">BNPHU</subfield>
    <subfield code="d">2026-01-23</subfield>
    <subfield code="h">A&#xF1;o 11. Vol 11. N&#xFA;mero 24. agosto 1945</subfield>
    <subfield code="l">0</subfield>
    <subfield code="p">2026-0208</subfield>
    <subfield code="r">2026-01-23</subfield>
    <subfield code="t">e.1</subfield>
    <subfield code="w">2026-01-23</subfield>
    <subfield code="y">ISSUE</subfield>
  </datafield>
  <datafield tag="952" ind1=" " ind2=" ">
    <subfield code="0">0</subfield>
    <subfield code="1">0</subfield>
    <subfield code="2">ddc</subfield>
    <subfield code="4">0</subfield>
    <subfield code="5">5</subfield>
    <subfield code="7">0</subfield>
    <subfield code="8">SE</subfield>
    <subfield code="a">BNPHU</subfield>
    <subfield code="b">BNPHU</subfield>
    <subfield code="d">2026-01-23</subfield>
    <subfield code="h">A&#xF1;o 11. Vol 11. N&#xFA;mero 24. agosto 1945</subfield>
    <subfield code="l">0</subfield>
    <subfield code="p">2026-0209</subfield>
    <subfield code="r">2026-01-23</subfield>
    <subfield code="t">e.2</subfield>
    <subfield code="w">2026-01-23</subfield>
    <subfield code="y">ISSUE</subfield>
  </datafield>
  <datafield tag="952" ind1=" " ind2=" ">
    <subfield code="0">0</subfield>
    <subfield code="1">0</subfield>
    <subfield code="2">ddc</subfield>
    <subfield code="4">0</subfield>
    <subfield code="5">5</subfield>
    <subfield code="7">0</subfield>
    <subfield code="8">SE</subfield>
    <subfield code="a">BNPHU</subfield>
    <subfield code="b">BNPHU</subfield>
    <subfield code="d">2026-01-23</subfield>
    <subfield code="h">A&#xF1;o 3. Vol 3. N&#xFA;mero 25-26. sept-Oct 1945</subfield>
    <subfield code="l">0</subfield>
    <subfield code="p">2026-0210</subfield>
    <subfield code="r">2026-01-23</subfield>
    <subfield code="t">e.1</subfield>
    <subfield code="w">2026-01-23</subfield>
    <subfield code="y">ISSUE</subfield>
  </datafield>
  <datafield tag="952" ind1=" " ind2=" ">
    <subfield code="0">0</subfield>
    <subfield code="1">0</subfield>
    <subfield code="2">ddc</subfield>
    <subfield code="4">0</subfield>
    <subfield code="5">5</subfield>
    <subfield code="7">0</subfield>
    <subfield code="8">SE</subfield>
    <subfield code="a">BNPHU</subfield>
    <subfield code="b">BNPHU</subfield>
    <subfield code="d">2026-01-23</subfield>
    <subfield code="h">N&#xFA;mero 31-32. marzo-abril 1946</subfield>
    <subfield code="l">0</subfield>
    <subfield code="p">2026-0211</subfield>
    <subfield code="r">2026-01-23</subfield>
    <subfield code="t">e.1</subfield>
    <subfield code="w">2026-01-23</subfield>
    <subfield code="y">ISSUE</subfield>
  </datafield>
  <datafield tag="952" ind1=" " ind2=" ">
    <subfield code="0">0</subfield>
    <subfield code="1">0</subfield>
    <subfield code="2">ddc</subfield>
    <subfield code="4">0</subfield>
    <subfield code="5">5</subfield>
    <subfield code="7">0</subfield>
    <subfield code="8">SE</subfield>
    <subfield code="a">BNPHU</subfield>
    <subfield code="b">BNPHU</subfield>
    <subfield code="d">2026-01-23</subfield>
    <subfield code="h">N&#xFA;mero 35-36. julio-agosto 1946</subfield>
    <subfield code="l">0</subfield>
    <subfield code="p">2026-0212</subfield>
    <subfield code="r">2026-01-23</subfield>
    <subfield code="w">2026-01-23</subfield>
    <subfield code="y">ISSUE</subfield>
  </datafield>
  <datafield tag="952" ind1=" " ind2=" ">
    <subfield code="0">0</subfield>
    <subfield code="1">0</subfield>
    <subfield code="2">ddc</subfield>
    <subfield code="4">0</subfield>
    <subfield code="5">5</subfield>
    <subfield code="7">0</subfield>
    <subfield code="8">SE</subfield>
    <subfield code="a">BNPHU</subfield>
    <subfield code="b">BNPHU</subfield>
    <subfield code="d">2026-01-23</subfield>
    <subfield code="h">N&#xFA;mero 37-38. septiembre-octubre 1946</subfield>
    <subfield code="l">0</subfield>
    <subfield code="p">2026-0213</subfield>
    <subfield code="r">2026-01-23</subfield>
    <subfield code="t">e.1</subfield>
    <subfield code="w">2026-01-23</subfield>
    <subfield code="y">ISSUE</subfield>
  </datafield>
  <datafield tag="952" ind1=" " ind2=" ">
    <subfield code="0">0</subfield>
    <subfield code="1">0</subfield>
    <subfield code="2">ddc</subfield>
    <subfield code="4">0</subfield>
    <subfield code="5">5</subfield>
    <subfield code="7">0</subfield>
    <subfield code="8">SE</subfield>
    <subfield code="a">BNPHU</subfield>
    <subfield code="b">BNPHU</subfield>
    <subfield code="d">2026-01-23</subfield>
    <subfield code="h">N&#xFA;mero 37-38. septiembre-octubre 1946</subfield>
    <subfield code="l">0</subfield>
    <subfield code="p">2026-0214</subfield>
    <subfield code="r">2026-01-23</subfield>
    <subfield code="t">e.2</subfield>
    <subfield code="w">2026-01-23</subfield>
    <subfield code="y">ISSUE</subfield>
  </datafield>
  <datafield tag="952" ind1=" " ind2=" ">
    <subfield code="0">0</subfield>
    <subfield code="1">0</subfield>
    <subfield code="2">ddc</subfield>
    <subfield code="4">0</subfield>
    <subfield code="5">5</subfield>
    <subfield code="7">0</subfield>
    <subfield code="8">SE</subfield>
    <subfield code="a">BNPHU</subfield>
    <subfield code="b">BNPHU</subfield>
    <subfield code="d">2026-01-23</subfield>
    <subfield code="h">A&#xF1;o 4. Vol 4. N&#xFA;mero 41. enero 1947</subfield>
    <subfield code="l">0</subfield>
    <subfield code="p">2026-0215</subfield>
    <subfield code="r">2026-01-23</subfield>
    <subfield code="t">e.1</subfield>
    <subfield code="w">2026-01-23</subfield>
    <subfield code="y">ISSUE</subfield>
  </datafield>
  <datafield tag="952" ind1=" " ind2=" ">
    <subfield code="0">0</subfield>
    <subfield code="1">0</subfield>
    <subfield code="2">ddc</subfield>
    <subfield code="4">0</subfield>
    <subfield code="5">5</subfield>
    <subfield code="7">0</subfield>
    <subfield code="8">SE</subfield>
    <subfield code="a">BNPHU</subfield>
    <subfield code="b">BNPHU</subfield>
    <subfield code="d">2026-01-23</subfield>
    <subfield code="h">A&#xF1;o 4. Vol 4. N&#xFA;mero 43. marzo 1947</subfield>
    <subfield code="l">0</subfield>
    <subfield code="p">2026-0216</subfield>
    <subfield code="r">2026-01-23</subfield>
    <subfield code="t">e.1</subfield>
    <subfield code="w">2026-01-23</subfield>
    <subfield code="y">ISSUE</subfield>
  </datafield>
  <datafield tag="952" ind1=" " ind2=" ">
    <subfield code="0">0</subfield>
    <subfield code="1">0</subfield>
    <subfield code="2">ddc</subfield>
    <subfield code="4">0</subfield>
    <subfield code="5">5</subfield>
    <subfield code="7">0</subfield>
    <subfield code="8">SE</subfield>
    <subfield code="a">BNPHU</subfield>
    <subfield code="b">BNPHU</subfield>
    <subfield code="d">2026-01-23</subfield>
    <subfield code="h">A&#xF1;o 4. Vol 4. N&#xFA;mero 43. marzo 1947</subfield>
    <subfield code="l">0</subfield>
    <subfield code="p">2026-0217</subfield>
    <subfield code="r">2026-01-23</subfield>
    <subfield code="t">e.2</subfield>
    <subfield code="w">2026-01-23</subfield>
    <subfield code="y">ISSUE</subfield>
  </datafield>
  <datafield tag="952" ind1=" " ind2=" ">
    <subfield code="0">0</subfield>
    <subfield code="1">0</subfield>
    <subfield code="2">ddc</subfield>
    <subfield code="4">0</subfield>
    <subfield code="5">5</subfield>
    <subfield code="7">0</subfield>
    <subfield code="8">SE</subfield>
    <subfield code="a">BNPHU</subfield>
    <subfield code="b">BNPHU</subfield>
    <subfield code="d">2026-01-23</subfield>
    <subfield code="h">A&#xF1;o 4. Vol 4. N&#xFA;mero 43. marzo 1947</subfield>
    <subfield code="l">0</subfield>
    <subfield code="p">2026-0218</subfield>
    <subfield code="r">2026-01-23</subfield>
    <subfield code="t">e.3</subfield>
    <subfield code="w">2026-01-23</subfield>
    <subfield code="y">ISSUE</subfield>
  </datafield>
  <datafield tag="952" ind1=" " ind2=" ">
    <subfield code="0">0</subfield>
    <subfield code="1">0</subfield>
    <subfield code="2">ddc</subfield>
    <subfield code="4">0</subfield>
    <subfield code="5">5</subfield>
    <subfield code="7">0</subfield>
    <subfield code="8">SE</subfield>
    <subfield code="a">BNPHU</subfield>
    <subfield code="b">BNPHU</subfield>
    <subfield code="d">2026-01-23</subfield>
    <subfield code="h">A&#xF1;o 4. Vol 4. N&#xFA;mero 44. abril 1947</subfield>
    <subfield code="l">0</subfield>
    <subfield code="p">2026-0219</subfield>
    <subfield code="r">2026-01-23</subfield>
    <subfield code="t">e.1</subfield>
    <subfield code="w">2026-01-23</subfield>
    <subfield code="y">ISSUE</subfield>
  </datafield>
  <datafield tag="952" ind1=" " ind2=" ">
    <subfield code="0">0</subfield>
    <subfield code="1">0</subfield>
    <subfield code="2">ddc</subfield>
    <subfield code="4">0</subfield>
    <subfield code="5">5</subfield>
    <subfield code="7">0</subfield>
    <subfield code="8">SE</subfield>
    <subfield code="a">BNPHU</subfield>
    <subfield code="b">BNPHU</subfield>
    <subfield code="d">2026-01-23</subfield>
    <subfield code="h">A&#xF1;o 4. Vol 4. N&#xFA;mero 44. abril 1947</subfield>
    <subfield code="l">0</subfield>
    <subfield code="p">2026-0220</subfield>
    <subfield code="r">2026-01-23</subfield>
    <subfield code="t">e.2</subfield>
    <subfield code="w">2026-01-23</subfield>
    <subfield code="y">ISSUE</subfield>
  </datafield>
  <datafield tag="952" ind1=" " ind2=" ">
    <subfield code="0">0</subfield>
    <subfield code="1">0</subfield>
    <subfield code="2">ddc</subfield>
    <subfield code="4">0</subfield>
    <subfield code="5">5</subfield>
    <subfield code="7">0</subfield>
    <subfield code="8">SE</subfield>
    <subfield code="a">BNPHU</subfield>
    <subfield code="b">BNPHU</subfield>
    <subfield code="d">2026-01-23</subfield>
    <subfield code="h">A&#xF1;o 4. Vol 4. N&#xFA;mero 45-46. mayo-junio 1947</subfield>
    <subfield code="l">0</subfield>
    <subfield code="p">2026-0221</subfield>
    <subfield code="r">2026-01-23</subfield>
    <subfield code="t">e.1</subfield>
    <subfield code="w">2026-01-23</subfield>
    <subfield code="y">ISSUE</subfield>
  </datafield>
  <datafield tag="952" ind1=" " ind2=" ">
    <subfield code="0">0</subfield>
    <subfield code="1">0</subfield>
    <subfield code="2">ddc</subfield>
    <subfield code="4">0</subfield>
    <subfield code="5">2</subfield>
    <subfield code="7">0</subfield>
    <subfield code="8">SE</subfield>
    <subfield code="a">BNPHU</subfield>
    <subfield code="b">BNPHU</subfield>
    <subfield code="d">2026-01-23</subfield>
    <subfield code="h">A&#xF1;o 5. Vol 5. N&#xFA;mero 52. diciembre 1947</subfield>
    <subfield code="l">0</subfield>
    <subfield code="p">2026-0222</subfield>
    <subfield code="r">2026-01-23</subfield>
    <subfield code="t">e.1</subfield>
    <subfield code="w">2026-01-23</subfield>
    <subfield code="y">ISSUE</subfield>
  </datafield>
  <datafield tag="952" ind1=" " ind2=" ">
    <subfield code="0">0</subfield>
    <subfield code="1">0</subfield>
    <subfield code="2">ddc</subfield>
    <subfield code="4">0</subfield>
    <subfield code="5">5</subfield>
    <subfield code="7">0</subfield>
    <subfield code="8">SE</subfield>
    <subfield code="a">BNPHU</subfield>
    <subfield code="b">BNPHU</subfield>
    <subfield code="d">2026-01-23</subfield>
    <subfield code="h">A&#xF1;o 5. Vol 5. N&#xFA;mero 53. enero 1948</subfield>
    <subfield code="l">0</subfield>
    <subfield code="p">2026-0223</subfield>
    <subfield code="r">2026-01-23</subfield>
    <subfield code="t">e.1</subfield>
    <subfield code="w">2026-01-23</subfield>
    <subfield code="y">ISSUE</subfield>
  </datafield>
  <datafield tag="952" ind1=" " ind2=" ">
    <subfield code="0">0</subfield>
    <subfield code="1">0</subfield>
    <subfield code="2">ddc</subfield>
    <subfield code="4">0</subfield>
    <subfield code="5">5</subfield>
    <subfield code="7">0</subfield>
    <subfield code="8">SE</subfield>
    <subfield code="a">BNPHU</subfield>
    <subfield code="b">BNPHU</subfield>
    <subfield code="d">2026-01-23</subfield>
    <subfield code="h">A&#xF1;o 5. Vol 5. N&#xFA;mero 54. febrero 1948</subfield>
    <subfield code="l">0</subfield>
    <subfield code="p">2026-0224</subfield>
    <subfield code="r">2026-01-23</subfield>
    <subfield code="t">e.1</subfield>
    <subfield code="w">2026-01-23</subfield>
    <subfield code="y">ISSUE</subfield>
  </datafield>
  <datafield tag="952" ind1=" " ind2=" ">
    <subfield code="0">0</subfield>
    <subfield code="1">0</subfield>
    <subfield code="2">ddc</subfield>
    <subfield code="4">0</subfield>
    <subfield code="5">5</subfield>
    <subfield code="7">0</subfield>
    <subfield code="8">SE</subfield>
    <subfield code="a">BNPHU</subfield>
    <subfield code="b">BNPHU</subfield>
    <subfield code="d">2026-01-23</subfield>
    <subfield code="h">A&#xF1;o 5. Vol 5. N&#xFA;mero 55. marzo 1948</subfield>
    <subfield code="l">0</subfield>
    <subfield code="p">2026-0225</subfield>
    <subfield code="r">2026-01-23</subfield>
    <subfield code="t">e.1</subfield>
    <subfield code="w">2026-01-23</subfield>
    <subfield code="y">ISSUE</subfield>
  </datafield>
  <datafield tag="952" ind1=" " ind2=" ">
    <subfield code="0">0</subfield>
    <subfield code="1">0</subfield>
    <subfield code="2">ddc</subfield>
    <subfield code="4">0</subfield>
    <subfield code="5">5</subfield>
    <subfield code="7">0</subfield>
    <subfield code="8">SE</subfield>
    <subfield code="a">BNPHU</subfield>
    <subfield code="b">BNPHU</subfield>
    <subfield code="d">2026-01-23</subfield>
    <subfield code="h">A&#xF1;o 5. Vol 5. N&#xFA;mero 56. abril 1948</subfield>
    <subfield code="l">0</subfield>
    <subfield code="p">2026-0226</subfield>
    <subfield code="r">2026-01-23</subfield>
    <subfield code="t">e.1</subfield>
    <subfield code="w">2026-01-23</subfield>
    <subfield code="y">ISSUE</subfield>
  </datafield>
  <datafield tag="952" ind1=" " ind2=" ">
    <subfield code="0">0</subfield>
    <subfield code="1">0</subfield>
    <subfield code="2">ddc</subfield>
    <subfield code="4">0</subfield>
    <subfield code="5">5</subfield>
    <subfield code="7">0</subfield>
    <subfield code="8">SE</subfield>
    <subfield code="a">BNPHU</subfield>
    <subfield code="b">BNPHU</subfield>
    <subfield code="d">2026-01-23</subfield>
    <subfield code="h">A&#xF1;o 5. Vol 5. N&#xFA;mero 57. mayo 1948</subfield>
    <subfield code="l">0</subfield>
    <subfield code="p">2026-0227</subfield>
    <subfield code="r">2026-01-23</subfield>
    <subfield code="t">e.1</subfield>
    <subfield code="w">2026-01-23</subfield>
    <subfield code="y">ISSUE</subfield>
  </datafield>
  <datafield tag="952" ind1=" " ind2=" ">
    <subfield code="0">0</subfield>
    <subfield code="1">0</subfield>
    <subfield code="2">ddc</subfield>
    <subfield code="4">0</subfield>
    <subfield code="5">5</subfield>
    <subfield code="7">0</subfield>
    <subfield code="8">SE</subfield>
    <subfield code="a">BNPHU</subfield>
    <subfield code="b">BNPHU</subfield>
    <subfield code="d">2026-01-23</subfield>
    <subfield code="h">A&#xF1;o 5. Vol 5. N&#xFA;mero 58. junio 1948</subfield>
    <subfield code="l">0</subfield>
    <subfield code="p">2026-0228</subfield>
    <subfield code="r">2026-01-23</subfield>
    <subfield code="t">e.1</subfield>
    <subfield code="w">2026-01-23</subfield>
    <subfield code="y">ISSUE</subfield>
  </datafield>
  <datafield tag="952" ind1=" " ind2=" ">
    <subfield code="0">0</subfield>
    <subfield code="1">0</subfield>
    <subfield code="2">ddc</subfield>
    <subfield code="4">0</subfield>
    <subfield code="5">5</subfield>
    <subfield code="7">0</subfield>
    <subfield code="8">SE</subfield>
    <subfield code="a">BNPHU</subfield>
    <subfield code="b">BNPHU</subfield>
    <subfield code="d">2026-01-23</subfield>
    <subfield code="h">A&#xF1;o 5. Vol 5. N&#xFA;mero 59. julio 1948</subfield>
    <subfield code="l">0</subfield>
    <subfield code="p">2026-0229</subfield>
    <subfield code="r">2026-01-23</subfield>
    <subfield code="t">e.1</subfield>
    <subfield code="w">2026-01-23</subfield>
    <subfield code="y">ISSUE</subfield>
  </datafield>
  <datafield tag="952" ind1=" " ind2=" ">
    <subfield code="0">0</subfield>
    <subfield code="1">0</subfield>
    <subfield code="2">ddc</subfield>
    <subfield code="4">0</subfield>
    <subfield code="5">5</subfield>
    <subfield code="7">0</subfield>
    <subfield code="8">SE</subfield>
    <subfield code="a">BNPHU</subfield>
    <subfield code="b">BNPHU</subfield>
    <subfield code="d">2026-01-23</subfield>
    <subfield code="h">A&#xF1;o 5. Vol 5. N&#xFA;mero 60. agosto 1948</subfield>
    <subfield code="l">0</subfield>
    <subfield code="p">2026-0230</subfield>
    <subfield code="r">2026-01-23</subfield>
    <subfield code="t">e.1</subfield>
    <subfield code="w">2026-01-23</subfield>
    <subfield code="y">ISSUE</subfield>
  </datafield>
  <datafield tag="952" ind1=" " ind2=" ">
    <subfield code="0">0</subfield>
    <subfield code="1">0</subfield>
    <subfield code="2">ddc</subfield>
    <subfield code="4">0</subfield>
    <subfield code="5">5</subfield>
    <subfield code="7">0</subfield>
    <subfield code="8">SE</subfield>
    <subfield code="a">BNPHU</subfield>
    <subfield code="b">BNPHU</subfield>
    <subfield code="d">2026-01-23</subfield>
    <subfield code="h">A&#xF1;o 6. Vol 6. N&#xFA;mero 61. septiembre 1948</subfield>
    <subfield code="l">0</subfield>
    <subfield code="p">2026-0231</subfield>
    <subfield code="r">2026-01-23</subfield>
    <subfield code="t">e.1</subfield>
    <subfield code="w">2026-01-23</subfield>
    <subfield code="y">ISSUE</subfield>
  </datafield>
  <datafield tag="952" ind1=" " ind2=" ">
    <subfield code="0">0</subfield>
    <subfield code="1">0</subfield>
    <subfield code="2">ddc</subfield>
    <subfield code="4">0</subfield>
    <subfield code="5">5</subfield>
    <subfield code="7">0</subfield>
    <subfield code="8">SE</subfield>
    <subfield code="a">BNPHU</subfield>
    <subfield code="b">BNPHU</subfield>
    <subfield code="d">2026-01-23</subfield>
    <subfield code="h">A&#xF1;o 6. Vol 6. N&#xFA;mero 62. octubre 1948</subfield>
    <subfield code="l">0</subfield>
    <subfield code="p">2026-0232</subfield>
    <subfield code="r">2026-01-23</subfield>
    <subfield code="t">e.1</subfield>
    <subfield code="w">2026-01-23</subfield>
    <subfield code="y">ISSUE</subfield>
  </datafield>
  <datafield tag="952" ind1=" " ind2=" ">
    <subfield code="0">0</subfield>
    <subfield code="1">0</subfield>
    <subfield code="2">ddc</subfield>
    <subfield code="4">0</subfield>
    <subfield code="5">5</subfield>
    <subfield code="7">0</subfield>
    <subfield code="8">SE</subfield>
    <subfield code="a">BNPHU</subfield>
    <subfield code="b">BNPHU</subfield>
    <subfield code="d">2026-01-23</subfield>
    <subfield code="h">A&#xF1;o 6. Vol 6. N&#xFA;mero 63. noviembre 1948</subfield>
    <subfield code="l">0</subfield>
    <subfield code="p">2026-0233</subfield>
    <subfield code="r">2026-01-23</subfield>
    <subfield code="t">e.1</subfield>
    <subfield code="w">2026-01-23</subfield>
    <subfield code="y">ISSUE</subfield>
  </datafield>
  <datafield tag="952" ind1=" " ind2=" ">
    <subfield code="0">0</subfield>
    <subfield code="1">0</subfield>
    <subfield code="2">ddc</subfield>
    <subfield code="4">0</subfield>
    <subfield code="5">5</subfield>
    <subfield code="7">0</subfield>
    <subfield code="8">SE</subfield>
    <subfield code="a">BNPHU</subfield>
    <subfield code="b">BNPHU</subfield>
    <subfield code="d">2026-01-23</subfield>
    <subfield code="h">A&#xF1;o 6. Vol 6. N&#xFA;mero 64. diciembre 1948</subfield>
    <subfield code="l">0</subfield>
    <subfield code="p">2026-0234</subfield>
    <subfield code="r">2026-01-23</subfield>
    <subfield code="t">e.1</subfield>
    <subfield code="w">2026-01-23</subfield>
    <subfield code="y">ISSUE</subfield>
  </datafield>
  <datafield tag="952" ind1=" " ind2=" ">
    <subfield code="0">0</subfield>
    <subfield code="1">0</subfield>
    <subfield code="2">ddc</subfield>
    <subfield code="4">0</subfield>
    <subfield code="5">5</subfield>
    <subfield code="7">0</subfield>
    <subfield code="8">SE</subfield>
    <subfield code="a">BNPHU</subfield>
    <subfield code="b">BNPHU</subfield>
    <subfield code="d">2026-01-23</subfield>
    <subfield code="h">A&#xF1;o 6. Vol 6. N&#xFA;mero 64. diciembre 1948</subfield>
    <subfield code="l">0</subfield>
    <subfield code="p">2026-0235</subfield>
    <subfield code="r">2026-01-23</subfield>
    <subfield code="t">e.2</subfield>
    <subfield code="w">2026-01-23</subfield>
    <subfield code="y">ISSUE</subfield>
  </datafield>
  <datafield tag="952" ind1=" " ind2=" ">
    <subfield code="0">0</subfield>
    <subfield code="1">0</subfield>
    <subfield code="2">ddc</subfield>
    <subfield code="4">0</subfield>
    <subfield code="5">5</subfield>
    <subfield code="7">0</subfield>
    <subfield code="8">SE</subfield>
    <subfield code="a">BNPHU</subfield>
    <subfield code="b">BNPHU</subfield>
    <subfield code="d">2026-01-23</subfield>
    <subfield code="h">A&#xF1;o 5. Vol 5. N&#xFA;mero 59. julio 1948</subfield>
    <subfield code="l">0</subfield>
    <subfield code="p">2026-0236</subfield>
    <subfield code="r">2026-01-23</subfield>
    <subfield code="t">e.2</subfield>
    <subfield code="w">2026-01-23</subfield>
    <subfield code="y">ISSUE</subfield>
  </datafield>
  <datafield tag="952" ind1=" " ind2=" ">
    <subfield code="0">0</subfield>
    <subfield code="1">0</subfield>
    <subfield code="2">ddc</subfield>
    <subfield code="4">0</subfield>
    <subfield code="5">5</subfield>
    <subfield code="7">0</subfield>
    <subfield code="8">SE</subfield>
    <subfield code="a">BNPHU</subfield>
    <subfield code="b">BNPHU</subfield>
    <subfield code="d">2026-01-23</subfield>
    <subfield code="h">A&#xF1;o 5. Vol 5. N&#xFA;mero 60. agosto 1948</subfield>
    <subfield code="l">0</subfield>
    <subfield code="p">2026-0237</subfield>
    <subfield code="r">2026-01-23</subfield>
    <subfield code="t">e.2</subfield>
    <subfield code="w">2026-01-23</subfield>
    <subfield code="y">ISSUE</subfield>
  </datafield>
  <datafield tag="952" ind1=" " ind2=" ">
    <subfield code="0">0</subfield>
    <subfield code="1">0</subfield>
    <subfield code="2">ddc</subfield>
    <subfield code="4">0</subfield>
    <subfield code="5">5</subfield>
    <subfield code="7">0</subfield>
    <subfield code="8">SE</subfield>
    <subfield code="a">BNPHU</subfield>
    <subfield code="b">BNPHU</subfield>
    <subfield code="d">2026-01-23</subfield>
    <subfield code="h">A&#xF1;o 5. Vol 5. N&#xFA;mero 60. agosto 1948</subfield>
    <subfield code="l">0</subfield>
    <subfield code="p">2026-0238</subfield>
    <subfield code="r">2026-01-23</subfield>
    <subfield code="t">e.3</subfield>
    <subfield code="w">2026-01-23</subfield>
    <subfield code="y">ISSUE</subfield>
  </datafield>
  <datafield tag="952" ind1=" " ind2=" ">
    <subfield code="0">0</subfield>
    <subfield code="1">0</subfield>
    <subfield code="2">ddc</subfield>
    <subfield code="4">0</subfield>
    <subfield code="5">5</subfield>
    <subfield code="7">0</subfield>
    <subfield code="8">SE</subfield>
    <subfield code="a">BNPHU</subfield>
    <subfield code="b">BNPHU</subfield>
    <subfield code="d">2026-01-27</subfield>
    <subfield code="h">A&#xF1;o 6. Vol 6. No 66. febrero 1949   </subfield>
    <subfield code="l">0</subfield>
    <subfield code="p">2026-0278</subfield>
    <subfield code="r">2026-01-27</subfield>
    <subfield code="t">e.1</subfield>
    <subfield code="w">2026-01-27</subfield>
    <subfield code="y">ISSUE</subfield>
  </datafield>
  <datafield tag="952" ind1=" " ind2=" ">
    <subfield code="0">0</subfield>
    <subfield code="1">0</subfield>
    <subfield code="2">ddc</subfield>
    <subfield code="4">0</subfield>
    <subfield code="5">5</subfield>
    <subfield code="7">0</subfield>
    <subfield code="8">SE</subfield>
    <subfield code="a">BNPHU</subfield>
    <subfield code="b">BNPHU</subfield>
    <subfield code="d">2026-01-27</subfield>
    <subfield code="h">A&#xF1;o 6. Vol 6. No 67. marzo 1949   </subfield>
    <subfield code="l">0</subfield>
    <subfield code="p">2026-0279</subfield>
    <subfield code="r">2026-01-27</subfield>
    <subfield code="t">e.1</subfield>
    <subfield code="w">2026-01-27</subfield>
    <subfield code="y">ISSUE</subfield>
  </datafield>
  <datafield tag="952" ind1=" " ind2=" ">
    <subfield code="0">0</subfield>
    <subfield code="1">0</subfield>
    <subfield code="2">ddc</subfield>
    <subfield code="4">0</subfield>
    <subfield code="5">5</subfield>
    <subfield code="7">0</subfield>
    <subfield code="8">SE</subfield>
    <subfield code="a">BNPHU</subfield>
    <subfield code="b">BNPHU</subfield>
    <subfield code="d">2026-01-27</subfield>
    <subfield code="h">A&#xF1;o 6. Vol 6. No 71. julio 1949   </subfield>
    <subfield code="l">0</subfield>
    <subfield code="p">2026-0280</subfield>
    <subfield code="r">2026-01-27</subfield>
    <subfield code="t">e.1</subfield>
    <subfield code="w">2026-01-27</subfield>
    <subfield code="y">ISSUE</subfield>
  </datafield>
  <datafield tag="952" ind1=" " ind2=" ">
    <subfield code="0">0</subfield>
    <subfield code="1">0</subfield>
    <subfield code="2">ddc</subfield>
    <subfield code="4">0</subfield>
    <subfield code="5">5</subfield>
    <subfield code="7">0</subfield>
    <subfield code="8">SE</subfield>
    <subfield code="a">BNPHU</subfield>
    <subfield code="b">BNPHU</subfield>
    <subfield code="d">2026-01-27</subfield>
    <subfield code="h">A&#xF1;o 6. Vol 6. No 71. julio 1949   </subfield>
    <subfield code="l">0</subfield>
    <subfield code="p">2026-0281</subfield>
    <subfield code="r">2026-01-27</subfield>
    <subfield code="t">e.2</subfield>
    <subfield code="w">2026-01-27</subfield>
    <subfield code="y">ISSUE</subfield>
  </datafield>
  <datafield tag="952" ind1=" " ind2=" ">
    <subfield code="0">0</subfield>
    <subfield code="1">0</subfield>
    <subfield code="2">ddc</subfield>
    <subfield code="4">0</subfield>
    <subfield code="5">5</subfield>
    <subfield code="7">0</subfield>
    <subfield code="8">SE</subfield>
    <subfield code="a">BNPHU</subfield>
    <subfield code="b">BNPHU</subfield>
    <subfield code="d">2026-01-27</subfield>
    <subfield code="h">A&#xF1;o 6. Vol 6. No 72. agosto 1949   </subfield>
    <subfield code="l">0</subfield>
    <subfield code="p">2026-0282</subfield>
    <subfield code="r">2026-01-27</subfield>
    <subfield code="t">e.1</subfield>
    <subfield code="w">2026-01-27</subfield>
    <subfield code="y">ISSUE</subfield>
  </datafield>
  <datafield tag="952" ind1=" " ind2=" ">
    <subfield code="0">0</subfield>
    <subfield code="1">0</subfield>
    <subfield code="2">ddc</subfield>
    <subfield code="4">0</subfield>
    <subfield code="5">5</subfield>
    <subfield code="7">0</subfield>
    <subfield code="8">SE</subfield>
    <subfield code="a">BNPHU</subfield>
    <subfield code="b">BNPHU</subfield>
    <subfield code="d">2026-01-27</subfield>
    <subfield code="h">A&#xF1;o 6. Vol 6. No 72. agosto 1949   </subfield>
    <subfield code="l">0</subfield>
    <subfield code="p">2026-0283</subfield>
    <subfield code="r">2026-01-27</subfield>
    <subfield code="t">e.2</subfield>
    <subfield code="w">2026-01-27</subfield>
    <subfield code="y">ISSUE</subfield>
  </datafield>
  <datafield tag="952" ind1=" " ind2=" ">
    <subfield code="0">0</subfield>
    <subfield code="1">0</subfield>
    <subfield code="2">ddc</subfield>
    <subfield code="4">0</subfield>
    <subfield code="5">5</subfield>
    <subfield code="7">0</subfield>
    <subfield code="8">SE</subfield>
    <subfield code="a">BNPHU</subfield>
    <subfield code="b">BNPHU</subfield>
    <subfield code="d">2026-01-27</subfield>
    <subfield code="h">A&#xF1;o 6. Vol 6. No 73. septiembre 1949   </subfield>
    <subfield code="l">0</subfield>
    <subfield code="p">2026-0284</subfield>
    <subfield code="r">2026-01-27</subfield>
    <subfield code="t">e.1</subfield>
    <subfield code="w">2026-01-27</subfield>
    <subfield code="y">ISSUE</subfield>
  </datafield>
  <datafield tag="952" ind1=" " ind2=" ">
    <subfield code="0">0</subfield>
    <subfield code="1">0</subfield>
    <subfield code="2">ddc</subfield>
    <subfield code="4">0</subfield>
    <subfield code="5">5</subfield>
    <subfield code="7">0</subfield>
    <subfield code="8">SE</subfield>
    <subfield code="a">BNPHU</subfield>
    <subfield code="b">BNPHU</subfield>
    <subfield code="d">2026-01-27</subfield>
    <subfield code="h">A&#xF1;o 7. Vol 7. No 77. enero 1950   </subfield>
    <subfield code="l">0</subfield>
    <subfield code="p">2026-0285</subfield>
    <subfield code="r">2026-01-27</subfield>
    <subfield code="t">e.1</subfield>
    <subfield code="w">2026-01-27</subfield>
    <subfield code="y">ISSUE</subfield>
  </datafield>
  <datafield tag="952" ind1=" " ind2=" ">
    <subfield code="0">0</subfield>
    <subfield code="1">0</subfield>
    <subfield code="2">ddc</subfield>
    <subfield code="4">0</subfield>
    <subfield code="5">5</subfield>
    <subfield code="7">0</subfield>
    <subfield code="8">SE</subfield>
    <subfield code="a">BNPHU</subfield>
    <subfield code="b">BNPHU</subfield>
    <subfield code="d">2026-01-27</subfield>
    <subfield code="h">A&#xF1;o 7. Vol 7. No 78-79. febrero-marzo 1950   </subfield>
    <subfield code="l">0</subfield>
    <subfield code="p">2026-0286</subfield>
    <subfield code="r">2026-01-27</subfield>
    <subfield code="t">e.1</subfield>
    <subfield code="w">2026-01-27</subfield>
    <subfield code="y">ISSUE</subfield>
  </datafield>
  <datafield tag="952" ind1=" " ind2=" ">
    <subfield code="0">0</subfield>
    <subfield code="1">0</subfield>
    <subfield code="2">ddc</subfield>
    <subfield code="4">0</subfield>
    <subfield code="5">5</subfield>
    <subfield code="7">0</subfield>
    <subfield code="8">SE</subfield>
    <subfield code="a">BNPHU</subfield>
    <subfield code="b">BNPHU</subfield>
    <subfield code="d">2026-01-27</subfield>
    <subfield code="h">A&#xF1;o 7. Vol 7. No 78-79. febrero-marzo 1950   </subfield>
    <subfield code="l">0</subfield>
    <subfield code="p">2026-0287</subfield>
    <subfield code="r">2026-01-27</subfield>
    <subfield code="t">e.2</subfield>
    <subfield code="w">2026-01-27</subfield>
    <subfield code="y">ISSUE</subfield>
  </datafield>
  <datafield tag="952" ind1=" " ind2=" ">
    <subfield code="0">0</subfield>
    <subfield code="1">0</subfield>
    <subfield code="2">ddc</subfield>
    <subfield code="4">0</subfield>
    <subfield code="5">5</subfield>
    <subfield code="7">0</subfield>
    <subfield code="8">SE</subfield>
    <subfield code="a">BNPHU</subfield>
    <subfield code="b">BNPHU</subfield>
    <subfield code="d">2026-01-27</subfield>
    <subfield code="h">A&#xF1;o 7. Vol 7. No 78-79. febrero-marzo 1950   </subfield>
    <subfield code="l">0</subfield>
    <subfield code="p">2026-0288</subfield>
    <subfield code="r">2026-01-27</subfield>
    <subfield code="t">e.3</subfield>
    <subfield code="w">2026-01-27</subfield>
    <subfield code="y">ISSUE</subfield>
  </datafield>
  <datafield tag="952" ind1=" " ind2=" ">
    <subfield code="0">0</subfield>
    <subfield code="1">0</subfield>
    <subfield code="2">ddc</subfield>
    <subfield code="4">0</subfield>
    <subfield code="5">5</subfield>
    <subfield code="7">0</subfield>
    <subfield code="8">SE</subfield>
    <subfield code="a">BNPHU</subfield>
    <subfield code="b">BNPHU</subfield>
    <subfield code="d">2026-01-27</subfield>
    <subfield code="h">A&#xF1;o 7. Vol 7. No 80. abril 1950   </subfield>
    <subfield code="l">0</subfield>
    <subfield code="p">2026-0289</subfield>
    <subfield code="r">2026-01-27</subfield>
    <subfield code="t">e.1</subfield>
    <subfield code="w">2026-01-27</subfield>
    <subfield code="y">ISSUE</subfield>
  </datafield>
  <datafield tag="952" ind1=" " ind2=" ">
    <subfield code="0">0</subfield>
    <subfield code="1">0</subfield>
    <subfield code="2">ddc</subfield>
    <subfield code="4">0</subfield>
    <subfield code="5">5</subfield>
    <subfield code="7">0</subfield>
    <subfield code="8">SE</subfield>
    <subfield code="a">BNPHU</subfield>
    <subfield code="b">BNPHU</subfield>
    <subfield code="d">2026-01-27</subfield>
    <subfield code="h">A&#xF1;o 7. Vol 7. No 81-82. mayo-junio 1950   </subfield>
    <subfield code="l">0</subfield>
    <subfield code="p">2026-0290</subfield>
    <subfield code="r">2026-01-27</subfield>
    <subfield code="t">e.1</subfield>
    <subfield code="w">2026-01-27</subfield>
    <subfield code="y">ISSUE</subfield>
  </datafield>
  <datafield tag="952" ind1=" " ind2=" ">
    <subfield code="0">0</subfield>
    <subfield code="1">0</subfield>
    <subfield code="2">ddc</subfield>
    <subfield code="4">0</subfield>
    <subfield code="5">5</subfield>
    <subfield code="7">0</subfield>
    <subfield code="8">SE</subfield>
    <subfield code="a">BNPHU</subfield>
    <subfield code="b">BNPHU</subfield>
    <subfield code="d">2026-01-27</subfield>
    <subfield code="h">A&#xF1;o 7. Vol 7. No 80. abril 1950</subfield>
    <subfield code="l">0</subfield>
    <subfield code="p">2026-0291</subfield>
    <subfield code="r">2026-01-27</subfield>
    <subfield code="t">e.2</subfield>
    <subfield code="w">2026-01-27</subfield>
    <subfield code="y">ISSUE</subfield>
  </datafield>
  <datafield tag="952" ind1=" " ind2=" ">
    <subfield code="0">0</subfield>
    <subfield code="1">0</subfield>
    <subfield code="2">ddc</subfield>
    <subfield code="4">0</subfield>
    <subfield code="5">5</subfield>
    <subfield code="7">0</subfield>
    <subfield code="8">SE</subfield>
    <subfield code="a">BNPHU</subfield>
    <subfield code="b">BNPHU</subfield>
    <subfield code="d">2026-01-27</subfield>
    <subfield code="h">A&#xF1;o 7. Vol 7. No 80. abril 1950</subfield>
    <subfield code="l">0</subfield>
    <subfield code="p">2026-0292</subfield>
    <subfield code="r">2026-01-27</subfield>
    <subfield code="t">e.3</subfield>
    <subfield code="w">2026-01-27</subfield>
    <subfield code="y">ISSUE</subfield>
  </datafield>
  <datafield tag="952" ind1=" " ind2=" ">
    <subfield code="0">0</subfield>
    <subfield code="1">0</subfield>
    <subfield code="2">ddc</subfield>
    <subfield code="4">0</subfield>
    <subfield code="5">5</subfield>
    <subfield code="7">0</subfield>
    <subfield code="8">SE</subfield>
    <subfield code="a">BNPHU</subfield>
    <subfield code="b">BNPHU</subfield>
    <subfield code="d">2026-01-27</subfield>
    <subfield code="h">A&#xF1;o 7. Vol 7. No 83-84. julio-agosto 1950</subfield>
    <subfield code="l">0</subfield>
    <subfield code="p">2026-0293</subfield>
    <subfield code="r">2026-01-27</subfield>
    <subfield code="t">e.1</subfield>
    <subfield code="w">2026-01-27</subfield>
    <subfield code="y">ISSUE</subfield>
  </datafield>
  <datafield tag="952" ind1=" " ind2=" ">
    <subfield code="0">0</subfield>
    <subfield code="1">0</subfield>
    <subfield code="2">ddc</subfield>
    <subfield code="4">0</subfield>
    <subfield code="5">5</subfield>
    <subfield code="7">0</subfield>
    <subfield code="8">SE</subfield>
    <subfield code="a">BNPHU</subfield>
    <subfield code="b">BNPHU</subfield>
    <subfield code="d">2026-01-27</subfield>
    <subfield code="h">A&#xF1;o 8. Vol 8. No 85-86. septiembre-octubre 1950</subfield>
    <subfield code="l">0</subfield>
    <subfield code="p">2026-0294</subfield>
    <subfield code="r">2026-01-27</subfield>
    <subfield code="t">e.1</subfield>
    <subfield code="w">2026-01-27</subfield>
    <subfield code="y">ISSUE</subfield>
  </datafield>
  <datafield tag="952" ind1=" " ind2=" ">
    <subfield code="0">0</subfield>
    <subfield code="1">0</subfield>
    <subfield code="2">ddc</subfield>
    <subfield code="4">0</subfield>
    <subfield code="5">5</subfield>
    <subfield code="7">0</subfield>
    <subfield code="8">SE</subfield>
    <subfield code="a">BNPHU</subfield>
    <subfield code="b">BNPHU</subfield>
    <subfield code="d">2026-01-27</subfield>
    <subfield code="h">A&#xF1;o 8. Vol 8. No 87-88. noviembre-diciembre 1950</subfield>
    <subfield code="l">0</subfield>
    <subfield code="p">2026-0295</subfield>
    <subfield code="r">2026-01-27</subfield>
    <subfield code="t">e.1</subfield>
    <subfield code="w">2026-01-27</subfield>
    <subfield code="y">ISSUE</subfield>
  </datafield>
  <datafield tag="952" ind1=" " ind2=" ">
    <subfield code="0">0</subfield>
    <subfield code="1">0</subfield>
    <subfield code="2">ddc</subfield>
    <subfield code="4">0</subfield>
    <subfield code="5">5</subfield>
    <subfield code="7">0</subfield>
    <subfield code="8">SE</subfield>
    <subfield code="a">BNPHU</subfield>
    <subfield code="b">BNPHU</subfield>
    <subfield code="d">2026-01-27</subfield>
    <subfield code="h">A&#xF1;o 4. Vol 4. N&#xFA;mero 41. enero 1947</subfield>
    <subfield code="l">0</subfield>
    <subfield code="p">2026-0296</subfield>
    <subfield code="r">2026-01-27</subfield>
    <subfield code="t">e.2</subfield>
    <subfield code="w">2026-01-27</subfield>
    <subfield code="y">ISSUE</subfield>
  </datafield>
  <datafield tag="952" ind1=" " ind2=" ">
    <subfield code="0">0</subfield>
    <subfield code="1">0</subfield>
    <subfield code="2">ddc</subfield>
    <subfield code="4">0</subfield>
    <subfield code="5">5</subfield>
    <subfield code="7">0</subfield>
    <subfield code="8">SE</subfield>
    <subfield code="a">BNPHU</subfield>
    <subfield code="b">BNPHU</subfield>
    <subfield code="d">2026-01-27</subfield>
    <subfield code="h">A&#xF1;o 4. Vol 4. N&#xFA;mero 42. febrero 1947</subfield>
    <subfield code="l">0</subfield>
    <subfield code="p">2026-0297</subfield>
    <subfield code="r">2026-01-27</subfield>
    <subfield code="t">e.1</subfield>
    <subfield code="w">2026-01-27</subfield>
    <subfield code="y">ISSUE</subfield>
  </datafield>
  <datafield tag="952" ind1=" " ind2=" ">
    <subfield code="0">0</subfield>
    <subfield code="1">0</subfield>
    <subfield code="2">ddc</subfield>
    <subfield code="4">0</subfield>
    <subfield code="5">5</subfield>
    <subfield code="7">0</subfield>
    <subfield code="8">SE</subfield>
    <subfield code="a">BNPHU</subfield>
    <subfield code="b">BNPHU</subfield>
    <subfield code="d">2026-01-27</subfield>
    <subfield code="h">A&#xF1;o 4. Vol 4. N&#xFA;mero 43. marzo 1947</subfield>
    <subfield code="l">0</subfield>
    <subfield code="p">2026-0298</subfield>
    <subfield code="r">2026-01-27</subfield>
    <subfield code="t">e.2</subfield>
    <subfield code="w">2026-01-27</subfield>
    <subfield code="y">ISSUE</subfield>
  </datafield>
  <datafield tag="952" ind1=" " ind2=" ">
    <subfield code="0">0</subfield>
    <subfield code="1">0</subfield>
    <subfield code="2">ddc</subfield>
    <subfield code="4">0</subfield>
    <subfield code="5">5</subfield>
    <subfield code="7">0</subfield>
    <subfield code="8">SE</subfield>
    <subfield code="a">BNPHU</subfield>
    <subfield code="b">BNPHU</subfield>
    <subfield code="d">2026-01-27</subfield>
    <subfield code="h">A&#xF1;o 4. Vol 4. N&#xFA;mero 44. abril 1947</subfield>
    <subfield code="l">0</subfield>
    <subfield code="p">2026-0299</subfield>
    <subfield code="r">2026-01-27</subfield>
    <subfield code="t">e.3</subfield>
    <subfield code="w">2026-01-27</subfield>
    <subfield code="y">ISSUE</subfield>
  </datafield>
  <datafield tag="952" ind1=" " ind2=" ">
    <subfield code="0">0</subfield>
    <subfield code="1">0</subfield>
    <subfield code="2">ddc</subfield>
    <subfield code="4">0</subfield>
    <subfield code="5">5</subfield>
    <subfield code="7">0</subfield>
    <subfield code="8">SE</subfield>
    <subfield code="a">BNPHU</subfield>
    <subfield code="b">BNPHU</subfield>
    <subfield code="d">2026-01-27</subfield>
    <subfield code="h">A&#xF1;o 4. Vol 4. N&#xFA;mero 45-46. mayo-junio 1947</subfield>
    <subfield code="l">0</subfield>
    <subfield code="p">2026-0300</subfield>
    <subfield code="r">2026-01-27</subfield>
    <subfield code="t">e.2</subfield>
    <subfield code="w">2026-01-27</subfield>
    <subfield code="y">ISSUE</subfield>
  </datafield>
  <datafield tag="952" ind1=" " ind2=" ">
    <subfield code="0">0</subfield>
    <subfield code="1">0</subfield>
    <subfield code="2">ddc</subfield>
    <subfield code="4">0</subfield>
    <subfield code="5">5</subfield>
    <subfield code="7">0</subfield>
    <subfield code="8">SE</subfield>
    <subfield code="a">BNPHU</subfield>
    <subfield code="b">BNPHU</subfield>
    <subfield code="d">2026-01-27</subfield>
    <subfield code="h">A&#xF1;o 4. Vol 4. N&#xFA;mero 47. julio 1947</subfield>
    <subfield code="l">0</subfield>
    <subfield code="p">2026-0301</subfield>
    <subfield code="r">2026-01-27</subfield>
    <subfield code="t">e.1</subfield>
    <subfield code="w">2026-01-27</subfield>
    <subfield code="y">ISSUE</subfield>
  </datafield>
  <datafield tag="952" ind1=" " ind2=" ">
    <subfield code="0">0</subfield>
    <subfield code="1">0</subfield>
    <subfield code="2">ddc</subfield>
    <subfield code="4">0</subfield>
    <subfield code="5">5</subfield>
    <subfield code="7">0</subfield>
    <subfield code="8">SE</subfield>
    <subfield code="a">BNPHU</subfield>
    <subfield code="b">BNPHU</subfield>
    <subfield code="d">2026-01-27</subfield>
    <subfield code="h">A&#xF1;o 4. Vol 4. N&#xFA;mero 48. agosto 1947</subfield>
    <subfield code="l">0</subfield>
    <subfield code="p">2026-0302</subfield>
    <subfield code="r">2026-01-27</subfield>
    <subfield code="t">e.1</subfield>
    <subfield code="w">2026-01-27</subfield>
    <subfield code="y">ISSUE</subfield>
  </datafield>
  <datafield tag="952" ind1=" " ind2=" ">
    <subfield code="0">0</subfield>
    <subfield code="1">0</subfield>
    <subfield code="2">ddc</subfield>
    <subfield code="4">0</subfield>
    <subfield code="5">5</subfield>
    <subfield code="7">0</subfield>
    <subfield code="8">SE</subfield>
    <subfield code="a">BNPHU</subfield>
    <subfield code="b">BNPHU</subfield>
    <subfield code="d">2026-01-27</subfield>
    <subfield code="h">A&#xF1;o 5. Vol 5. N&#xFA;mero 49. septiembre 1947</subfield>
    <subfield code="l">0</subfield>
    <subfield code="p">2026-0303</subfield>
    <subfield code="r">2026-01-27</subfield>
    <subfield code="t">e.1</subfield>
    <subfield code="w">2026-01-27</subfield>
    <subfield code="y">ISSUE</subfield>
  </datafield>
  <datafield tag="952" ind1=" " ind2=" ">
    <subfield code="0">0</subfield>
    <subfield code="1">0</subfield>
    <subfield code="2">ddc</subfield>
    <subfield code="4">0</subfield>
    <subfield code="5">5</subfield>
    <subfield code="7">0</subfield>
    <subfield code="8">SE</subfield>
    <subfield code="a">BNPHU</subfield>
    <subfield code="b">BNPHU</subfield>
    <subfield code="d">2026-01-27</subfield>
    <subfield code="h">A&#xF1;o 5. Vol 5. N&#xFA;mero 50. octubre 1947</subfield>
    <subfield code="l">0</subfield>
    <subfield code="p">2026-0304</subfield>
    <subfield code="r">2026-01-27</subfield>
    <subfield code="t">e.1</subfield>
    <subfield code="w">2026-01-27</subfield>
    <subfield code="y">ISSUE</subfield>
  </datafield>
  <datafield tag="952" ind1=" " ind2=" ">
    <subfield code="0">0</subfield>
    <subfield code="1">0</subfield>
    <subfield code="2">ddc</subfield>
    <subfield code="4">0</subfield>
    <subfield code="5">5</subfield>
    <subfield code="7">0</subfield>
    <subfield code="8">SE</subfield>
    <subfield code="a">BNPHU</subfield>
    <subfield code="b">BNPHU</subfield>
    <subfield code="d">2026-01-27</subfield>
    <subfield code="h">A&#xF1;o 5. Vol 5. N&#xFA;mero 51. noviembre 1947</subfield>
    <subfield code="l">0</subfield>
    <subfield code="p">2026-0305</subfield>
    <subfield code="r">2026-01-27</subfield>
    <subfield code="t">e.1</subfield>
    <subfield code="w">2026-01-27</subfield>
    <subfield code="y">ISSUE</subfield>
  </datafield>
  <datafield tag="952" ind1=" " ind2=" ">
    <subfield code="0">0</subfield>
    <subfield code="1">0</subfield>
    <subfield code="2">ddc</subfield>
    <subfield code="4">0</subfield>
    <subfield code="5">5</subfield>
    <subfield code="7">0</subfield>
    <subfield code="8">SE</subfield>
    <subfield code="a">BNPHU</subfield>
    <subfield code="b">BNPHU</subfield>
    <subfield code="d">2026-01-27</subfield>
    <subfield code="h">A&#xF1;o 5. Vol 5. N&#xFA;mero 52. diciembre 1947</subfield>
    <subfield code="l">0</subfield>
    <subfield code="p">2026-0306</subfield>
    <subfield code="r">2026-01-27</subfield>
    <subfield code="t">e.1</subfield>
    <subfield code="w">2026-01-27</subfield>
    <subfield code="y">ISSUE</subfield>
  </datafield>
  <datafield tag="952" ind1=" " ind2=" ">
    <subfield code="0">0</subfield>
    <subfield code="1">0</subfield>
    <subfield code="2">ddc</subfield>
    <subfield code="4">0</subfield>
    <subfield code="5">5</subfield>
    <subfield code="7">0</subfield>
    <subfield code="8">SE</subfield>
    <subfield code="a">BNPHU</subfield>
    <subfield code="b">BNPHU</subfield>
    <subfield code="d">2026-01-27</subfield>
    <subfield code="h">A&#xF1;o 8. Vol 8. N&#xFA;mero 89. enero 1951</subfield>
    <subfield code="l">0</subfield>
    <subfield code="p">2026-0307</subfield>
    <subfield code="r">2026-01-27</subfield>
    <subfield code="t">e.1</subfield>
    <subfield code="w">2026-01-27</subfield>
    <subfield code="y">ISSUE</subfield>
  </datafield>
  <datafield tag="952" ind1=" " ind2=" ">
    <subfield code="0">0</subfield>
    <subfield code="1">0</subfield>
    <subfield code="2">ddc</subfield>
    <subfield code="4">0</subfield>
    <subfield code="5">5</subfield>
    <subfield code="7">0</subfield>
    <subfield code="8">SE</subfield>
    <subfield code="a">BNPHU</subfield>
    <subfield code="b">BNPHU</subfield>
    <subfield code="d">2026-01-27</subfield>
    <subfield code="h">A&#xF1;o 8. Vol 8. N&#xFA;mero 90. febrero 1951</subfield>
    <subfield code="l">0</subfield>
    <subfield code="p">2026-0308</subfield>
    <subfield code="r">2026-01-27</subfield>
    <subfield code="t">e.1</subfield>
    <subfield code="w">2026-01-27</subfield>
    <subfield code="y">ISSUE</subfield>
  </datafield>
  <datafield tag="952" ind1=" " ind2=" ">
    <subfield code="0">0</subfield>
    <subfield code="1">0</subfield>
    <subfield code="2">ddc</subfield>
    <subfield code="4">0</subfield>
    <subfield code="5">5</subfield>
    <subfield code="7">0</subfield>
    <subfield code="8">SE</subfield>
    <subfield code="a">BNPHU</subfield>
    <subfield code="b">BNPHU</subfield>
    <subfield code="d">2026-01-27</subfield>
    <subfield code="h">A&#xF1;o 8. Vol 8. N&#xFA;mero 91. marzo 1951</subfield>
    <subfield code="l">0</subfield>
    <subfield code="p">2026-0309</subfield>
    <subfield code="r">2026-01-27</subfield>
    <subfield code="t">e.1</subfield>
    <subfield code="w">2026-01-27</subfield>
    <subfield code="y">ISSUE</subfield>
  </datafield>
  <datafield tag="952" ind1=" " ind2=" ">
    <subfield code="0">0</subfield>
    <subfield code="1">0</subfield>
    <subfield code="2">ddc</subfield>
    <subfield code="4">0</subfield>
    <subfield code="5">5</subfield>
    <subfield code="7">0</subfield>
    <subfield code="8">SE</subfield>
    <subfield code="a">BNPHU</subfield>
    <subfield code="b">BNPHU</subfield>
    <subfield code="d">2026-01-27</subfield>
    <subfield code="h">A&#xF1;o 8. Vol 8. N&#xFA;mero 92-93. abril-mayo 1951</subfield>
    <subfield code="l">0</subfield>
    <subfield code="p">2026-0310</subfield>
    <subfield code="r">2026-01-27</subfield>
    <subfield code="t">e.1</subfield>
    <subfield code="w">2026-01-27</subfield>
    <subfield code="y">ISSUE</subfield>
  </datafield>
  <datafield tag="952" ind1=" " ind2=" ">
    <subfield code="0">0</subfield>
    <subfield code="1">0</subfield>
    <subfield code="2">ddc</subfield>
    <subfield code="4">0</subfield>
    <subfield code="5">5</subfield>
    <subfield code="7">0</subfield>
    <subfield code="8">SE</subfield>
    <subfield code="a">BNPHU</subfield>
    <subfield code="b">BNPHU</subfield>
    <subfield code="d">2026-01-27</subfield>
    <subfield code="h">A&#xF1;o 8. Vol 8. N&#xFA;mero 94-95. junio-julio 1951</subfield>
    <subfield code="l">0</subfield>
    <subfield code="p">2026-0311</subfield>
    <subfield code="r">2026-01-27</subfield>
    <subfield code="t">e.1</subfield>
    <subfield code="w">2026-01-27</subfield>
    <subfield code="y">ISSUE</subfield>
  </datafield>
  <datafield tag="952" ind1=" " ind2=" ">
    <subfield code="0">0</subfield>
    <subfield code="1">0</subfield>
    <subfield code="2">ddc</subfield>
    <subfield code="4">0</subfield>
    <subfield code="5">5</subfield>
    <subfield code="7">0</subfield>
    <subfield code="8">SE</subfield>
    <subfield code="a">BNPHU</subfield>
    <subfield code="b">BNPHU</subfield>
    <subfield code="d">2026-01-27</subfield>
    <subfield code="h">A&#xF1;o 8. Vol 8. N&#xFA;mero 94-95. junio-julio 1951</subfield>
    <subfield code="l">0</subfield>
    <subfield code="p">2026-0312</subfield>
    <subfield code="r">2026-01-27</subfield>
    <subfield code="t">e.2</subfield>
    <subfield code="w">2026-01-27</subfield>
    <subfield code="y">ISSUE</subfield>
  </datafield>
  <datafield tag="952" ind1=" " ind2=" ">
    <subfield code="0">0</subfield>
    <subfield code="1">0</subfield>
    <subfield code="2">ddc</subfield>
    <subfield code="4">0</subfield>
    <subfield code="5">5</subfield>
    <subfield code="7">0</subfield>
    <subfield code="8">SE</subfield>
    <subfield code="a">BNPHU</subfield>
    <subfield code="b">BNPHU</subfield>
    <subfield code="d">2026-01-27</subfield>
    <subfield code="h">A&#xF1;o 8. Vol 8. N&#xFA;mero 94-95. junio-julio 1951</subfield>
    <subfield code="l">0</subfield>
    <subfield code="p">2026-0313</subfield>
    <subfield code="r">2026-01-27</subfield>
    <subfield code="t">e.3</subfield>
    <subfield code="w">2026-01-27</subfield>
    <subfield code="y">ISSUE</subfield>
  </datafield>
  <datafield tag="952" ind1=" " ind2=" ">
    <subfield code="0">0</subfield>
    <subfield code="1">0</subfield>
    <subfield code="2">ddc</subfield>
    <subfield code="4">0</subfield>
    <subfield code="5">5</subfield>
    <subfield code="7">0</subfield>
    <subfield code="8">SE</subfield>
    <subfield code="a">BNPHU</subfield>
    <subfield code="b">BNPHU</subfield>
    <subfield code="d">2026-01-27</subfield>
    <subfield code="h">A&#xF1;o 8. Vol 8. N&#xFA;mero 96-98. agosto-octubre 1951</subfield>
    <subfield code="l">0</subfield>
    <subfield code="p">2026-0314</subfield>
    <subfield code="r">2026-01-27</subfield>
    <subfield code="t">e.1</subfield>
    <subfield code="w">2026-01-27</subfield>
    <subfield code="y">ISSUE</subfield>
  </datafield>
  <datafield tag="952" ind1=" " ind2=" ">
    <subfield code="0">0</subfield>
    <subfield code="1">0</subfield>
    <subfield code="2">ddc</subfield>
    <subfield code="4">0</subfield>
    <subfield code="5">5</subfield>
    <subfield code="7">0</subfield>
    <subfield code="8">SE</subfield>
    <subfield code="a">BNPHU</subfield>
    <subfield code="b">BNPHU</subfield>
    <subfield code="d">2026-01-27</subfield>
    <subfield code="h">A&#xF1;o 9. Vol 9. N&#xFA;mero 99-100. noviembre-diciembre 1951</subfield>
    <subfield code="l">0</subfield>
    <subfield code="p">2026-0315</subfield>
    <subfield code="r">2026-01-27</subfield>
    <subfield code="t">e.1</subfield>
    <subfield code="w">2026-01-27</subfield>
    <subfield code="y">ISSUE</subfield>
  </datafield>
  <datafield tag="952" ind1=" " ind2=" ">
    <subfield code="0">0</subfield>
    <subfield code="1">0</subfield>
    <subfield code="2">ddc</subfield>
    <subfield code="4">0</subfield>
    <subfield code="5">5</subfield>
    <subfield code="7">0</subfield>
    <subfield code="8">SE</subfield>
    <subfield code="a">BNPHU</subfield>
    <subfield code="b">BNPHU</subfield>
    <subfield code="d">2026-01-27</subfield>
    <subfield code="h">A&#xF1;o 9. Vol 9. N&#xFA;mero 99-100. noviembre-diciembre 1951</subfield>
    <subfield code="l">0</subfield>
    <subfield code="p">2026-0316</subfield>
    <subfield code="r">2026-01-27</subfield>
    <subfield code="t">e.2</subfield>
    <subfield code="w">2026-01-27</subfield>
    <subfield code="y">ISSUE</subfield>
  </datafield>
  <datafield tag="952" ind1=" " ind2=" ">
    <subfield code="0">0</subfield>
    <subfield code="1">0</subfield>
    <subfield code="2">ddc</subfield>
    <subfield code="4">0</subfield>
    <subfield code="5">5</subfield>
    <subfield code="7">0</subfield>
    <subfield code="8">SE</subfield>
    <subfield code="a">BNPHU</subfield>
    <subfield code="b">BNPHU</subfield>
    <subfield code="d">2026-01-27</subfield>
    <subfield code="h">A&#xF1;o 9. Vol 9. N&#xFA;mero 104. abril 1952</subfield>
    <subfield code="l">0</subfield>
    <subfield code="p">2026-0317</subfield>
    <subfield code="r">2026-01-27</subfield>
    <subfield code="t">e.1</subfield>
    <subfield code="w">2026-01-27</subfield>
    <subfield code="y">ISSUE</subfield>
  </datafield>
  <datafield tag="952" ind1=" " ind2=" ">
    <subfield code="0">0</subfield>
    <subfield code="1">0</subfield>
    <subfield code="2">ddc</subfield>
    <subfield code="4">0</subfield>
    <subfield code="5">5</subfield>
    <subfield code="7">0</subfield>
    <subfield code="8">SE</subfield>
    <subfield code="a">BNPHU</subfield>
    <subfield code="b">BNPHU</subfield>
    <subfield code="d">2026-01-27</subfield>
    <subfield code="h">A&#xF1;o 9. Vol 9. N&#xFA;mero 104. abril 1952</subfield>
    <subfield code="l">0</subfield>
    <subfield code="p">2026-0318</subfield>
    <subfield code="r">2026-01-27</subfield>
    <subfield code="t">e.2</subfield>
    <subfield code="w">2026-01-27</subfield>
    <subfield code="y">ISSUE</subfield>
  </datafield>
  <datafield tag="952" ind1=" " ind2=" ">
    <subfield code="0">0</subfield>
    <subfield code="1">0</subfield>
    <subfield code="2">ddc</subfield>
    <subfield code="4">0</subfield>
    <subfield code="5">5</subfield>
    <subfield code="7">0</subfield>
    <subfield code="8">SE</subfield>
    <subfield code="a">BNPHU</subfield>
    <subfield code="b">BNPHU</subfield>
    <subfield code="d">2026-01-27</subfield>
    <subfield code="h">A&#xF1;o 9. Vol 9. N&#xFA;mero 105. mayo 1952</subfield>
    <subfield code="l">0</subfield>
    <subfield code="p">2026-0319</subfield>
    <subfield code="r">2026-01-27</subfield>
    <subfield code="t">e.1</subfield>
    <subfield code="w">2026-01-27</subfield>
    <subfield code="y">ISSUE</subfield>
  </datafield>
  <datafield tag="952" ind1=" " ind2=" ">
    <subfield code="0">0</subfield>
    <subfield code="1">0</subfield>
    <subfield code="2">ddc</subfield>
    <subfield code="4">0</subfield>
    <subfield code="5">5</subfield>
    <subfield code="7">0</subfield>
    <subfield code="8">SE</subfield>
    <subfield code="a">BNPHU</subfield>
    <subfield code="b">BNPHU</subfield>
    <subfield code="d">2026-01-27</subfield>
    <subfield code="h">A&#xF1;o 9. Vol 9. N&#xFA;mero 105. mayo 1952</subfield>
    <subfield code="l">0</subfield>
    <subfield code="p">2026-0320</subfield>
    <subfield code="r">2026-01-27</subfield>
    <subfield code="t">e.2</subfield>
    <subfield code="w">2026-01-27</subfield>
    <subfield code="y">ISSUE</subfield>
  </datafield>
  <datafield tag="952" ind1=" " ind2=" ">
    <subfield code="0">0</subfield>
    <subfield code="1">0</subfield>
    <subfield code="2">ddc</subfield>
    <subfield code="4">0</subfield>
    <subfield code="5">5</subfield>
    <subfield code="7">0</subfield>
    <subfield code="8">SE</subfield>
    <subfield code="a">BNPHU</subfield>
    <subfield code="b">BNPHU</subfield>
    <subfield code="d">2026-01-27</subfield>
    <subfield code="h">A&#xF1;o 9. Vol 9. N&#xFA;mero 106-107. junio-julio 1952</subfield>
    <subfield code="l">0</subfield>
    <subfield code="p">2026-0321</subfield>
    <subfield code="r">2026-01-27</subfield>
    <subfield code="t">e.1</subfield>
    <subfield code="w">2026-01-27</subfield>
    <subfield code="y">ISSUE</subfield>
  </datafield>
  <datafield tag="952" ind1=" " ind2=" ">
    <subfield code="0">0</subfield>
    <subfield code="1">0</subfield>
    <subfield code="2">ddc</subfield>
    <subfield code="4">0</subfield>
    <subfield code="5">5</subfield>
    <subfield code="7">0</subfield>
    <subfield code="8">SE</subfield>
    <subfield code="a">BNPHU</subfield>
    <subfield code="b">BNPHU</subfield>
    <subfield code="d">2026-01-27</subfield>
    <subfield code="h">A&#xF1;o 10. Vol 10. N&#xFA;mero 109-110. septiembre-octubre 1952</subfield>
    <subfield code="l">0</subfield>
    <subfield code="p">2026-0322</subfield>
    <subfield code="r">2026-01-27</subfield>
    <subfield code="t">e.1</subfield>
    <subfield code="w">2026-01-27</subfield>
    <subfield code="y">ISSUE</subfield>
  </datafield>
  <datafield tag="952" ind1=" " ind2=" ">
    <subfield code="0">0</subfield>
    <subfield code="1">0</subfield>
    <subfield code="2">ddc</subfield>
    <subfield code="4">0</subfield>
    <subfield code="5">5</subfield>
    <subfield code="7">0</subfield>
    <subfield code="8">SE</subfield>
    <subfield code="a">BNPHU</subfield>
    <subfield code="b">BNPHU</subfield>
    <subfield code="d">2026-01-27</subfield>
    <subfield code="h">A&#xF1;o 10. Vol 10. N&#xFA;mero 111-112. noviembre-diciembre 1952</subfield>
    <subfield code="l">0</subfield>
    <subfield code="p">2026-0323</subfield>
    <subfield code="r">2026-01-27</subfield>
    <subfield code="t">e.1</subfield>
    <subfield code="w">2026-01-27</subfield>
    <subfield code="y">ISSUE</subfield>
  </datafield>
  <datafield tag="952" ind1=" " ind2=" ">
    <subfield code="0">0</subfield>
    <subfield code="1">0</subfield>
    <subfield code="2">ddc</subfield>
    <subfield code="4">0</subfield>
    <subfield code="5">5</subfield>
    <subfield code="7">0</subfield>
    <subfield code="8">SE</subfield>
    <subfield code="a">BNPHU</subfield>
    <subfield code="b">BNPHU</subfield>
    <subfield code="d">2026-01-27</subfield>
    <subfield code="h">A&#xF1;o 10. Vol 10. N&#xFA;mero 111-112. noviembre-diciembre 1952</subfield>
    <subfield code="l">0</subfield>
    <subfield code="p">2026-0324</subfield>
    <subfield code="r">2026-01-27</subfield>
    <subfield code="t">e.2</subfield>
    <subfield code="w">2026-01-27</subfield>
    <subfield code="y">ISSUE</subfield>
  </datafield>
  <datafield tag="952" ind1=" " ind2=" ">
    <subfield code="0">0</subfield>
    <subfield code="1">0</subfield>
    <subfield code="2">ddc</subfield>
    <subfield code="4">0</subfield>
    <subfield code="5">5</subfield>
    <subfield code="7">0</subfield>
    <subfield code="8">SE</subfield>
    <subfield code="a">BNPHU</subfield>
    <subfield code="b">BNPHU</subfield>
    <subfield code="d">2026-01-27</subfield>
    <subfield code="h">A&#xF1;o 10. Vol 10. N&#xFA;mero 111-112. noviembre-diciembre 1952</subfield>
    <subfield code="l">0</subfield>
    <subfield code="p">2026-0325</subfield>
    <subfield code="r">2026-01-27</subfield>
    <subfield code="t">e.3</subfield>
    <subfield code="w">2026-01-27</subfield>
    <subfield code="y">ISSUE</subfield>
  </datafield>
  <datafield tag="999" ind1=" " ind2=" ">
    <subfield code="c">60132</subfield>
    <subfield code="d">60132</subfield>
  </datafield>
</record>
